Statistics for F1 Famous Quotes #1 (Funny)

Click here to take the quiz!

General Stats

  • This quiz has been taken 59 times
  • The average score is 12 of 16

Answer Stats

QuoteAnswer% Correct
I am stupid, I am stupid. I switch off everything.Charles Leclerc
95%
I am a smooth operator! Smoooooth operator!Carlos Sainz
93%
Bono, my tyres are gone.Lewis Hamilton
93%
Change your f**king car!Christian Horner
91%
I'm going up and down, side to side, like a rollercoaster!Lando Norris
91%
Checo is a legend! Absolute animal!Max Verstappen
86%
Leave me alone I know what I'm doingKimi Raikkonen
80%
No Michael, no no, that was so not right...Toto Wolff
80%
All the time you need to leave a space!Fernando Alonso
77%
To whom it might concern.... F**k you!Valtteri Bottas
70%
Facts.George Russell
66%
Pizza pizza pizza!Daniel Ricciardo
64%
He does not fok smash my door!Gunther Steiner
59%
I wanna hear you say it! Ha ha!Lance Stroll
52%
I'm hanging here like a cowNico Hulkenberg
50%
Not bad for a number two driver!Mark Webber
45%

Score Distribution

Percentile by Number Answered

Percent of People with Each Score

Your Score History

You have not taken this quiz